Statistics for 20 mystery countries in a mystery language

Click here to take the quiz!

General Stats

  • This quiz has been taken 31 times
  • The average score is 19 of 21

Answer Stats

HintAnswer% Correct
AlgerietAlgeria
97%
BrasilienBrazil
97%
DanmarkDenmark
97%
FrankrikeFrance
97%
GreklandGreece
97%
IndonesienIndonesia
97%
NederländernaNetherlands
97%
NorgeNorway
97%
RysslandRussia
97%
SydafrikaSouth Africa
97%
SpanienSpain
97%
SyrienSyria
97%
TurkietTurkey
97%
VatikanstatenVatican City
97%
IslandIceland
94%
MaldivernaMaldives
94%
EkvatorialguineaEquatorial Guinea
90%
SverigeSweden
90%
Mystery languageSvenska/Swedish
84%
KinaChina
77%
TysklandGermany
65%

Score Distribution

Percentile by Number Answered

Percent of People with Each Score

Your Score History

You have not taken this quiz